000 00650aas a2200217 4500
999 _c626
_d626
003 BR-BrBNA
005 20230317232823.0
007 ta
008 230119b bl ||||| |||| 00| 0 por d
035 _a000485-5
040 _aBR-BrBNA
_bPor
_cBR-BrBNA
042 _a072801-2
044 _abl
245 _aSISAL (Brazil)
260 _aSalvador-BA
_bCâmara de Comércio de Sisal da Bahia
_c1965. Data final de publicação em 1968
_eBBA
270 _aRua Alvares Cabral, 16 - Ed. Bolsa de Mercadorias - CEP: 40.000
310 _airregular
505 _a1965 1(5); 1966 2(10-13); 1967 3(14-18); 1968 4(20-22);
909 _a56
_bSergio Santos
_c56
_dSergio Santos
942 _cCR
_2AGRIS